000 01119nam a22003137a 4500
005 20240530110521.0
008 160217s2012 ku ako g b 000 0 ara d
017 _a3787/10/2011
_bالكويت . دائرة المكتبة الوطنية
020 _a97899957171469
040 _aEG-CaGPL
082 0 4 _221
_a500\
_bس ع
100 0 _aسلمان احمد الجنابى
245 1 2 _aالعلم و الحياة /
_cاعداد سلمان احمد الجنابى ، خولة ابراهيم القيسى
250 _aط1
260 _aالكويت :
_bمكتبة الفلاح للنشر و التوزيع ،
_c2012 .
300 _a272 ص :
_bايض ؛
_c24 سم .
505 _aيشتمل على ارجاعات ببليوجرافية
650 0 4 _aالعلوم
650 0 4 _aالتكنولوجيا
650 0 4 _aالبيئة
650 0 4 _aالادمان
650 0 4 _aالتلوث
650 0 4 _aالطاقة
650 0 4 _aالخلية
650 0 4 _aالتغذية
700 0 _aخولة ابراهيم القيسى
_eمعد
942 _2ddc
_cBK
999 _c61889
_d61889